000 00192 a2200097 4500
020 _a30030720
041 _aspa
100 _aBecquer, Gustavo Adolfo
245 _aRimas y leyendas
942 _cBK
999 _c30081
_d30079